II wojna światowa - Prawda czy Fałsz - Statystyki

Ogólne statystyki
  • Ten quiz został rozwiązany 63 razy
  • Średni wynik to 12 z 15
Statystyki odpowiedzi
Zagadnienie Odpowiedź % Poprawnych
Lądowanie w Normandii odbyło się podczas II wojny światowej Prawda
98%
Pierwsze państwo, które skonstruowało bombę atomową to ZSRR. Fałsz
91%
Powstanie Warszawskie wybuchło w 1943 Fałsz
91%
To była pierwsza wojna kiedy użyto czołgów Fałsz
90%
ZSRR było w Osi Fałsz
86%
Wojna zakończyła się zwycięstwem Osi Fałsz
86%
Szwecja walczyła w wojnie Fałsz
83%
Korea była niepodległym państwem Fałsz
78%
Niektórzy uważają, że wojna w Azji zaczęła się już w 1937 roku Prawda
78%
Atak III Rzeszy na Polskę nazywał się "Kampania Wrześniowa" Prawda
78%
Około 2/3 populacji świata mieszkała w państwach, które walczyły w tej wojnie Prawda
74%
Wojna była podzielona na dwa obozy: Państwa centralne i Ententa. Fałsz
69%
Najkrócej walczącym państwem był Luksemburg. Fałsz
59%
Podczas jej zginęło ok. 35 milionów osób. Fałsz
53%
Tonga brała udział w wojnie Prawda
40%
Nie znaleziono quizów pasujących do podanych kryteriów
Rozkład punktacji
Procent ludzi z każdym wynikiem
Percentyl według liczby udzielonych odpowiedzi
Twoja historia wyników
Nie rozwiązałeś tego quizu